000 00373nam a2200157Ia 4500
005 20240807062007.0
008 240806s9999||||xx |||||||||||||| ||eng||
041 _aeng
082 _a891.431
_bMEER
100 _aHanda, Madhav
245 0 _aPanchrang chola pahar sakhi ri /
_cHanda, Madhav
260 _bVani Prakashan
300 _a166p.
650 _aHindi
942 _cBK
999 _c5151
_d5151